Normal view MARC view
  • OMAR,Islam

Entry Topical Term

Number of records used in: 1

001 - CONTROL NUMBER

  • control field: 37506

003 - CONTROL NUMBER IDENTIFIER

  • control field: NUST

005 - DATE AND TIME OF LATEST TRANSACTION

  • control field: 20210314130310.0

008 - FIXED-LENGTH DATA ELEMENTS

  • fixed length control field: 210314|| aca||aabn | a|a d

040 ## - CATALOGING SOURCE

  • Original cataloging agency: NUST
  • Transcribing agency: NUST

150 ## - HEADING--TOPICAL TERM

  • Topical term or geographic name entry element: OMAR,Islam

670 ## - SOURCE DATA FOUND

  • Source citation: Work cat.: (NUST): Ahmad, Fazl. 37392, Omar the second caliph of Islam., 1968.
© 2023 Central Library, National University of Sciences and Technology. All Rights Reserved.